Регионална библиотека "Любен Каравелов" - Русе

Политиката - метаморфози на властта (Запис номер 155780)

MARC детайли
000 -Лидер
Контролно поле с фиксирана дължина 01178nam a2200289 c 4500
003 - Код на организацията, давaща контролен номер
Контролно поле BLK
005 - Дата и час на последна редакция
Контролно поле 20180420234238.0
008 - Елементи от данни с фиксирана дължина
fixed length control field 180410b bul|||||r ||||||| ||bul||
010 ## - Наследен системен номер
LC control number KNG00162508000
040 ## - Източник на каталожния запис
Идентификатор на билиотеката - собственик на записа BLK
041 ## - Код за език
Код за езика на текст/звукозапис или на отделно заглавие Български
Код за езика КДБФ Български
080 ## - УДК
Текстов определител УДК Политика. Вж и 341 ; 342
УДК код - определител по УДК 32
УДК определител
УДК - код + определител 32
100 1# - Редна дума - Автор
Автор Кънчев, Румен Иванов
Авторска отговорност първи автор
R(LIN) 299548
139 ## - Редно поле
Редна дума Кънчев, Румен Иванов
Авторски знак Към - К 96
245 10 - Сведения за заглавието
Заглавие Политиката - метаморфози на властта
Подзаглавни данни 8 политол. дискурса
Редно поле (дума) Румен Иванов Кънчев; съавт. Александър Любомиров Рангелов.
257 ## - Страна на издаване
Страна на създаване/издаване България
260 ## - Област на издателските данни
-- София
Име на издателя, разпространителя и проч. Унив. изд. Св. Климент Охридски
Година на издаване 1992
300 ## - Физическа характеристика
Страници 181 с.
Размери/Мащаб 17 см
380 ## - Жанр
Жанр Обществени науки
650 #4 - Допълнително описание по предмет – тема
Основно описание – тема или топоним Политика
9 (RLIN) 166818
700 1# - Други автори (авторска отговорност)
Лично име Рангелов, Александър Любомиров
Автороска отговорност (Описва отношението между автора и произведението) съавт.
9 (RLIN) 333007
852 ## - Местоположение
Форматна сигнатура I 26182
856 4# - Електронен адрес и достъп
Електронен формат pdf - файл
Път до файла /url/
856 4# - Електронен адрес и достъп
Електронен формат pdf - файл
Път до файла /url/
942 ## - АРТИКУЛИ
Вид на библиотечния материал Книги
Скрит в OPAC Не
944 ## - СЪЗДАВАНЕ И РЕДАКЦИЯ на ЗАПИСА
Създаване/Редакция Създаване
Дата на регистрацията/редакция 27.06.2014
Статус, дата на статуса 27.06.2014 - от С1,Р / 27.06.2014
Служител, извършил регистрацията/редакцията Любка_Николова
944 ## - СЪЗДАВАНЕ И РЕДАКЦИЯ на ЗАПИСА
Създаване/Редакция Редакция
Дата на регистрацията/редакция 27.06.2014
Статус, дата на статуса 27.06.2014 - от С1,Р / 27.06.2014
Служител, извършил регистрацията/редакцията
999 ## - СИСТЕМНИ КОНТРОЛНИ НОМЕРА
Koha biblionumber 155780
Koha biblioitemnumber 155780
Наличности
Код за отписване Код за изгубен артикул Източник на класификационната схема Код за повреда Коз за рестрикции Код за отдаване Артикулен № Име на библиотеката - собственик Име на библиотеката, в която се намира в момента Статус (Текущо местоположение) Дата на вписване в системата Местоположение - отдел Цена в лева Инвентарен номер Систематично азбучна сигнатура Баркод Номер на екземпляра Цена в евро Служебна бележка Служебен тип на артикула
  Не е изгубен Universal Decimal Classification Не е повреден само за читалня ползва се в читалня 261286 Регионална библиотека "Любен Каравелов" Русе Регионална библиотека "Любен Каравелов" Русе Хранилище 1992-01-01 Хранилище 0.79 576005 I 26182 120000576005 1 0.40 N: стар фонд Дата: 01.01.1992 Книги
Изтеглен Не е изгубен Universal Decimal Classification Не е повреден без рестрикции заемане за дома 261287 Регионална библиотека "Любен Каравелов" Русе Регионална библиотека "Любен Каравелов" Русе Заемна - подръчен фонд 1992-01-01 Заемна - подръчен фонд 0.00 657939 П 32/К 96 657939 2 0.00 N: стар фонд Дата: 01.01.1992 Дата инв: 19.01.2015 Бележки инв: П2015 Книги
Изтеглен Не е изгубен Universal Decimal Classification Не е повреден без рестрикции заемане за дома 261288 Регионална библиотека "Любен Каравелов" Русе Регионална библиотека "Любен Каравелов" Русе Заемна - подръчен фонд 1992-01-01 Заемна - подръчен фонд 4.00 657942 П 32/К 96 657942 3 2.05 N: стар фонд Дата: 01.01.1992 Дата инв: 02.02.2018 Бележки инв: П2018 Книги
Vip Innovations Ltd, Rousse, Bulgaria 2025